00538 2200205 4500001002100000005001500021035002000036007000300056008004100059020002200100082000800122084001500130100002000145245005300165260003300218300003100251650002400282504001600306990001000322INLIS00000000000173020241204123344 a0010-1224000053ta241204 g 0 ind  a978-602-7640-51-1 a813 a813 RAJ k0 aRajagopalachari1 aKitab Epos Ramayana :bSastra /cRajagopalachari aYogyakarta :bIRCiSoD,c2012 a496 hlm :bilus ;c24,5 cm 4aKitab Epos Ramayana aBibliografi a03424